Ο Όλυμπος του Boissonas : η πρώτη ανάβαση στην κατοικία των Θεών : οι πρώτες φωτογραφίες του μυθικού βουνού

Αποθηκεύτηκε σε:
Λεπτομέρειες βιβλιογραφικής εγγραφής
Άλλοι συγγραφείς: Κυρίτσης, Γιάννης (Επιμελητής έκδοσης)
Μορφή: Βιβλίο
Γλώσσα:Greek
Δημοσίευση: [Λιτόχωρο] : Δήμος Λιτοχώρου, [2002].
Σειρά:Μελέτες και'Ερευνες
Θέματα:
Ετικέτες: Προσθήκη ετικέτας
Δεν υπάρχουν, Καταχωρήστε ετικέτα πρώτοι!

MARC

LEADER 00000nam a2200000 a 4500
001 1/127756
008 231128s2002####gr | ||| |||| ||gre||
020 |a 960795808X 
040 |a GR-MyUa  |b gre  |c GR-MyUa  |e AACR2 
041 0 |a gre 
082 7 |a 779.36094956  |2 (23) 
245 0 2 |a Ο Όλυμπος του Boissonas :   |b η πρώτη ανάβαση στην κατοικία των Θεών : οι πρώτες φωτογραφίες του μυθικού βουνού /   |c κείμενα : έγραψε, ανθολόγησε, μετέφρασε ο Γιάννης Κυρίτσης.  
260 |a [Λιτόχωρο] :   |b Δήμος Λιτοχώρου,   |c [2002].  
300 |a 143 σ. ;   |c 34 εκ.  
490 1 |a (Μελέτες και έρευνες) 
651 0 |a Olympus, Mount (Greece)  |v Pictorial works. 
700 1 |a Κυρίτσης, Γιάννης,  |e edt 
830 0 |a Μελέτες και'Ερευνες 
852 |a INST  |b LESVOS  |e 20231128  |h 779.36094956 ΟΛΥ  |p 005100065617  |q 005100065617  |t BK  |y 0 
970 |a Δημάκη  |b Μαρία  |z 28-11-2023